|
|
|
|
| LEADER |
01051nam a2200229 a 4500 |
| 001 |
GR-MES14706 |
| 008 |
081020s gr 000 0 gre d |
| 020 |
|
|
|a 9602366893
|
| 040 |
|
|
|a GrPaTEI
|b gre
|c GR-PaULI
|
| 040 |
|
|
|a GrPaTEI
|b gre
|c GR-PaULI
|
| 082 |
|
0 |
|a 489.307 1
|2 21
|
| 100 |
1 |
|
|a Ροζόκος, Γιώργος
|
| 245 |
1 |
0 |
|a Εκθέσεις και δοκίμια σύγχρονων θεμάτων και διαχρονικών προβλημάτων /
|c Γιώργος Ροζόκος.
|
| 260 |
|
|
|a Αθήνα :
|b Νέα σύνορα,
|c 1996
|
| 300 |
|
|
|a 260 σ. ;
|c 26 εκ.
|
| 490 |
0 |
|
|a Δοκίμιο
|
| 500 |
|
|
|a Για υποψήφιους φοιτητές και σπουδαστές.
|
| 650 |
|
4 |
|a Εκθεση ιδεών
|
| 942 |
|
|
|2 ddc
|
| 952 |
|
|
|0 0
|1 0
|2 ddc
|4 0
|6 489_307000000000000_1_ΡΟΖ
|7 0
|9 272605
|a MSLG
|b MSLG
|c BSC
|d 2021-01-17
|e 24
|f 0
|g 0.00
|l 0
|o 489.307 1 ΡΟΖ
|p 2420000009535
|r 2021-01-17 00:00:00
|t 1
|w 2021-01-17
|y BK15
|x 20081020 0 ΤΣΑΝΤΑΡΛΙΩΤΗ 1
|x GrPaTEI
|
| 971 |
|
|
|a .b25807559
|b 16-04-20
|c 13-09-16
|
| 999 |
|
|
|c 157703
|d 157703
|